Histoire de l'économie politique ou Etudes historiques, philosophiques et religieuses sur l'économie politique des peuples anciens et modernes / (Record no. 167632)

MARC details
000 -LEADER
campo de control de longitud fija 01015nam a22002175i 4500
001 - NÚMERO DE CONTROL
campo de control 167632
003 - IDENTIFICADOR DE NÚMERO DE CONTROL
campo de control ES-MaACL
005 - FECHA Y HORA DE LA ÚLTIMA TRANSACCIÓN
campo de control 20251015063151.0
008 - DATOS DE LONGITUD FIJA--INFORMACIÓN GENERAL
campo de control de longitud fija 981002s1841 fr |||| | fre d
040 ## - FUENTE DE CATALOGACIÓN
Centro catalogador/agencia de origen GA
Lengua de catalogación spa
Centro/agencia transcriptor CCPB | 3D
100 2# - ENTRADA PRINCIPAL--NOMBRE DE PERSONA
Nombre de persona Villeneuve-Bargemont, Jean Paul Alban de,
Títulos y otros términos asociados al nombre Viconte de,
Fechas asociadas al nombre 1784-1850
9 (RLIN) 133767
245 10 - MENCIÓN DEL TÍTULO
Título Histoire de l'économie politique ou Etudes historiques, philosophiques et religieuses sur l'économie politique des peuples anciens et modernes /
Mención de responsabilidad, etc. par le Vte. Alban de Villeneuve Bargemont.
260 ## - PUBLICACIÓN, DISTRIBUCIÓN, ETC.
Lugar de publicación, distribución, etc. Paris :
Nombre del editor, distribuidor, etc. Guillaumin,
Fecha de publicación, distribución, etc. 1841 (
Lugar de fabricación/manufactura Senlis :
Fabricante Imprimerie de Mme. Fessart)
300 ## - DESCRIPCIÓN FÍSICA
Extensión 2 v. (474 ; 453 p.) ;
Dimensiones 22 cm.
597 #1 - NOTA DE DESCRIPCIÓN FÍSICA
NOTA DE DESCRIPCIÓN FÍSICA En p. 432 del t. 2: Fin du tome second et dernier.
650 #4 - PUNTO DE ACCESO ADICIONAL DE MATERIA--TÉRMINO DE MATERIA
Término de materia o nombre geográfico como elemento de entrada Economía-
Subdivisión general Historia.
9 (RLIN) 224575
740 01 - ENTRADA AGREGADA--TÍTULO RELACIONADO/ANALÍTICO NO CONTROLADO
Título relacionado o analítico no controlado Etudes historiques, philosophiques et religieuses sur l'économie politique des peuples anciens et modernes.
752 ## - ENTRADA AGREGADA--NOMBRE JERÁRQUICO DEL LUGAR
País o entidad superior Francia -
Ciudad París
852 ## - LOCALIZACIÓN
Ubicación ES-MaACL
Número de control de estantería C-2663-2664
Nota libre -- Enc. hol.
Holdings
Estatus retirado Estado de pérdida Estado de daño No para préstamo Colección Biblioteca de origen Biblioteca actual Ubicación en estantería Fecha de adquisición Fuente de adquisición Total de préstamos Signatura topográfica completa Código de barras Visto por última vez Precio de reemplazo Tipo de ítem Koha
        Libros del s. XIX Biblioteca del Ateneo de Madrid Biblioteca del Ateneo de Madrid Sala Palomar 17/01/2008     C-2663-2664 1175866 23/02/2023 23/02/2023 Libro impreso antiguo